<?xml version="1.0" encoding="UTF-8"?><?xml-stylesheet type="text/xsl" href="static/style.xsl"?><OAI-PMH xmlns="http://www.openarchives.org/OAI/2.0/" xmlns:xsi="http://www.w3.org/2001/XMLSchema-instance" xsi:schemaLocation="http://www.openarchives.org/OAI/2.0/ http://www.openarchives.org/OAI/2.0/OAI-PMH.xsd"><responseDate>2026-06-02T17:22:08Z</responseDate><request verb="GetRecord" identifier="oai:riuma.uma.es:10630/15686" metadataPrefix="marc">https://riuma.uma.es/rest/oai/request</request><GetRecord><record><header><identifier>oai:riuma.uma.es:10630/15686</identifier><datestamp>2026-02-03T12:43:46Z</datestamp><setSpec>com_10630_2254</setSpec><setSpec>col_10630_37957</setSpec></header><metadata><record xmlns="http://www.loc.gov/MARC21/slim" xmlns:dcterms="http://purl.org/dc/terms/" xmlns:doc="http://www.lyncode.com/xoai" xmlns:xsi="http://www.w3.org/2001/XMLSchema-instance" xsi:schemaLocation="http://www.loc.gov/MARC21/slim http://www.loc.gov/standards/marcxml/schema/MARC21slim.xsd">
   <leader>00925njm 22002777a 4500</leader>
   <datafield ind2=" " ind1=" " tag="042">
      <subfield code="a">dc</subfield>
   </datafield>
   <datafield ind2=" " ind1=" " tag="720">
      <subfield code="a">Torreblanca-Murillo, Laura</subfield>
      <subfield code="e">author</subfield>
   </datafield>
   <datafield ind2=" " ind1=" " tag="260">
      <subfield code="c">2017-07-26</subfield>
   </datafield>
   <datafield ind2=" " ind1=" " tag="520">
      <subfield code="a">Se presenta una revisión de los antecedentes históricos y los principales modelos teóricos en el&#xd;
estudio de la estructura de la personalidad, prestando especial atención al modelo estructural más aceptado en la&#xd;
actualidad, el modelo de Cinco Grandes factores de personalidad, y a los instrumentos de evaluación desarrollados&#xd;
desde este modelo. A continuación, se presenta la creación de un nuevo instrumento de evaluación de la&#xd;
personalidad, el Cuestionario Breve de Personalidad (CBP). Este instrumento consta de 20 items mediante los que&#xd;
se evalúan los Cinco Grandes factores de personalidad y diez subdimensiones. Las propiedades psicométricas del&#xd;
CBP fueron estudiadas en un grupo de estudiantes universitarios (N = 168). Los resultados muestran una&#xd;
estructura factorial clara acorde a lo esperado, así como unos índices de fiabilidad y validez adecuados. Se&#xd;
concluye que el CBP mantiene un buen equilibrio entre las ventajas prácticas derivadas de la brevedad del test y&#xd;
sus propiedades psicométricas.</subfield>
   </datafield>
   <datafield ind1="8" ind2=" " tag="024">
      <subfield code="a">https://hdl.handle.net/10630/15686</subfield>
   </datafield>
   <datafield tag="653" ind2=" " ind1=" ">
      <subfield code="a">Tests de personalidad - Tesis doctorales</subfield>
   </datafield>
   <datafield ind2="0" ind1="0" tag="245">
      <subfield code="a">Desarrollo de un Nuevo Instrumento de Evaluación: El Cuestionario Breve de Personalidad (CBP).</subfield>
   </datafield>
</record>
</metadata></record></GetRecord></OAI-PMH>